Stanley Kubrick, drama & shadows : (Record no. 353348)

000 -LEADER
fixed length control field 00934 a2200277 4500
003 - CONTROL NUMBER IDENTIFIER
control field OSt
005 - DATE AND TIME OF LATEST TRANSACTION
control field 20180116192402.0
008 - FIXED-LENGTH DATA ELEMENTS--GENERAL INFORMATION
fixed length control field 120703t xxu||||| |||| 00| 0 eng d
010 ## - LIBRARY OF CONGRESS CONTROL NUMBER
LC control number 2009655240
020 ## - INTERNATIONAL STANDARD BOOK NUMBER
International Standard Book Number 0714844381 (hbk.)
020 ## - INTERNATIONAL STANDARD BOOK NUMBER
International Standard Book Number 9780714844381 (hbk.)
035 ## - SYSTEM CONTROL NUMBER
System control number (OCoLC)ocm57750944
040 ## - CATALOGING SOURCE
Transcribing agency 0
082 ## - DEWEY DECIMAL CLASSIFICATION NUMBER
Classification number 779.092
100 1# - MAIN ENTRY--PERSONAL NAME
Personal name Kubrick, Stanley.
9 (RLIN) 5437
245 10 - TITLE STATEMENT
Title Stanley Kubrick, drama & shadows :
Remainder of title photographs, 1945-1950 /
Statement of responsibility, etc. Rainer Crone ; prologue by Jeff Wall.
246 3# - VARYING FORM OF TITLE
Title proper/short title Stanley Kubrick, drama and shadows
260 ## - PUBLICATION, DISTRIBUTION, ETC.
Place of publication, distribution, etc. London ;
-- New York :
Name of publisher, distributor, etc. Phaidon,
Date of publication, distribution, etc. 2005.
300 ## - PHYSICAL DESCRIPTION
Extent 255 p. :
Other physical details ill. ;
Dimensions 30 cm.
600 10 - SUBJECT ADDED ENTRY--PERSONAL NAME
Personal name Kubrick, Stanley.
9 (RLIN) 5438
650 10 - SUBJECT ADDED ENTRY--TOPICAL TERM
Topical term or geographic name entry element Photography, Artistic.
9 (RLIN) 5439
650 10 - SUBJECT ADDED ENTRY--TOPICAL TERM
Topical term or geographic name entry element Photography, Artistic
General subdivision Exhibitions
9 (RLIN) 5440
700 1# - ADDED ENTRY--PERSONAL NAME
Personal name Crone, Rainer,
Dates associated with a name 1942-
9 (RLIN) 5441
942 ## - ADDED ENTRY ELEMENTS (KOHA)
Institution code [OBSOLETE] SADA
Koha item type Book
Call number prefix 779.092 KUB 2005
Source of classification or shelving scheme
952 ## - LOCATION AND ITEM INFORMATION (KOHA)
-- BOOK
Holdings
Withdrawn status Lost status Source of classification or shelving scheme Damaged status Not for loan Permanent Location Current Location Date acquired Total Checkouts Full call number Barcode Date last seen Date last checked out Cost, replacement price Price effective from Koha item type
          School of Art Design and Architecture (SADA) School of Art Design and Architecture (SADA) 06/30/2011 1 779.092 KUB 2005 SADA0001515 06/05/2024 03/12/2024 4329.00 08/05/2011 Book
© 2023 Central Library, National University of Sciences and Technology. All Rights Reserved.